00756nam a22002657a 450000500170000001000150001702000260003202000230005803500130008103500130009403500130010703700130012003700170013303700270015008200080017708200120018510000190019724500630021626000450027927000630032430000260038750000190041360000440043265000140047620140606165427.0 aENG-105848 a9780198084976c795.00 a0198084978c795.00 aEN-89381 aB-506661 aB-528938 bDBAD/PUB bBSB/Venadpl bMallika Books/Venadpl a220 a301.153 aJordens, J.T.F aGandhi's religion :ba homespun shawl /cby J.T.F. Jordens aNew DelhibOxford University Pressc2012 aYMCA Library Building, 1 Jai Singh RoadbNew Delhie110001 axxiii,310p.c23cm(Hb) aIncludes index aGandhi, Mahatma,d1869-1948x Religion. aHinduism.